عرض عادي
عرض مارك
- Shumway-Cook, Anne,
مدخل إسم شخص
001 - رقم الضبط
- حقل الضبط: 38282
003 - معرف رقم الضبط
- حقل الضبط: OSt
005 - تاريخ ووقت أخر عملية
- حقل الضبط: 20131026164209.0
008 - عناصر بيانات ثابتة الطول
- حقل تحكم ثابت الطول: 131026|||a|||||| | ||| d
040 ## - مصدر الفهرسة
- هيئة الفهرسة الأصلية: OSt
- وكالة الكتابة: OSt
100 ## - مدخل -- أسم شخص
- إسم شخص: Shumway-Cook, Anne,
- تواريخ مرتبطة بالاسم: 1947-
670 ## - بيانات المصدر موجوده
- الاستشهاد بالمصدر: Work cat.: (OSt)0: Shumway-Cook, Anne, 1947-, Motor control :, c2012.
